Statistics for Super Mario Bros. Enemies Quiz

Click here to take the quiz!

General Stats

  • This quiz has been taken 24 times
  • The average score is 12 of 21

Answer Stats

Level(s)Enemy% Correct
8-4Bowser
100%
1-1, 1-2, 2-1, 3-1, 3-2, 4-2, 5-1, 5-2, 6-2, 7-1, 7-3, 8-1, 8-3Green Koopa Troopa
100%
1-1, 1-2, 1-3, 2-1, 3-1, 3-2, 3-3, 4-2, 5-1, 5-2, 5-3, 6-2, 8-1, 8-2, 8-4Little Goomba
100%
1-2, 1-3, 3-3, 4-3, 5-2, 5-3, 7-3Red Koopa Troopa
100%
3-1, 5-2, 7-1, 8-3, 8-4Hammer Bro
78%
4-1, 6-1, 8-2Lakitu
78%
2-2, 2-3, 7-2, 7-3, 8-4Cheep Cheep
61%
2-2, 7-2Grey Cheep Cheep
61%
1-2, 2-1, 2-2, 3-1, 4-1, 4-2, 4-4, 5-1, 5-2, 6-1, 6-2, 7-1, 7-2, 8-1, 8-3, 8-4Piranha Plant
61%
2-1, 3-1, 3-2, 5-1, 5-2, 6-2, 7-1, 7-3, 8-1, 8-2, 8-3, 8-4Green Koopa Paratroopa
56%
1-3, 3-3, 4-3, 5-3Red Koopa Paratroopa
56%
4-1, 6-1, 8-2Spiny
56%
5-1, 5-2, 5-3, 6-3, 7-1, 8-2, 8-3Bullet Bill
50%
2-2, 7-2, 8-4Bloober
44%
4-2, 5-2, 6-2, 7-1, 8-1, 8-2, 8-4Buzzy Beetle
39%
2-4, 3-4, 4-4, 5-4, 6-4, 7-4, 8-4Lava Bubble
33%
1-4, 2-4, 3-4, 4-4, 5-4, 6-4, 7-4Fake Bowser
22%
1-4, 2-4, 3-4, 4-4, 5-4, 6-4, 7-4, 8-4Firebar
22%
5-4Long Firebar
22%
4-1, 6-1, 8-2Spiny Egg
22%
5-1, 5-2, 7-1, 8-2, 8-3Turtle Cannon
17%

Score Distribution

Percentile by Number Answered

Percent of People with Each Score

Your Score History

You have not taken this quiz